000 00431nam a2200181Ia 4500
001 16081
005 20260306170243.0
008 260306t2017||||xx |||||||||||||| ||und||
041 _aESP
082 _a346.6
_bM84
100 _aMonateri, Pier Giuseppe
_eAUT
245 0 _aComparative contract law
260 _c2017
300 _axiii, 554 páginas :
_c24 cm.
650 _aGEN
654 _aCDE
942 _cLIB
_dJUS
_fJUS
_2ddc
_n
999 _c16081
_d16081